000 00262nam a2200109Ia 4500
008 190216s9999||||xx |||||||||||||| ||und||
100 _aKutty Krishna Menon
245 0 _aKoombedukunna Mannu
260 _bNbs Kottayam
650 _aMalayalam Nadakam
942 _cBK
999 _c23948
_d23948